中国内地车牌对应地市 Cities corresponding to license plates in mainland China - Statistics

General Stats
  • This quiz has been taken 787 times
    494 since last reset
  • The average score is 119 of 344
Answer Stats
牌号 地区 % Correct
皖A 合肥市
95%
皖B 芜湖市
84%
京A~Y 北京市
77%
闽AK 福州市
76%
皖C 蚌埠市
73%
甘A 兰州市
71%
粤A 广州市
71%
闽D 厦门市
69%
粤B 深圳市
69%
闽C 泉州市
68%
闽B 莆田市
67%
闽E 漳州市
64%
闽G 三明市
64%
桂A 南宁市
64%
皖D 淮南市
63%
粤C 珠海市
63%
闽F 龙岩市
62%
皖E 马鞍山市
61%
闽H 南平市
61%
闽J 宁德市
60%
粤EXY 佛山市
59%
桂CH 桂林市
59%
贵A 贵阳市
57%
琼A 海口市
57%
冀A 石家庄市
57%
皖F 淮北市
56%
粤D 汕头市
56%
桂B 柳州市
56%
琼B 三亚市
56%
豫AV 郑州市
56%
甘B 嘉峪关市
54%
黑AL 哈尔滨市
53%
鲁AS 济南市
53%
皖G 铜陵市
52%
皖H 安庆市
52%
苏A 南京市
51%
鲁BU 青岛市
51%
皖J 黄山市
50%
粤S 东莞市
50%
豫C 洛阳市
50%
鄂A 武汉市
50%
湘A 长沙市
50%
皖K 阜阳市
49%
冀B 唐山市
49%
豫B 开封市
49%
赣AM 南昌市
49%
粤F 韶关市
48%
辽A 沈阳市
48%
甘C 金昌市
47%
黑B 齐齐哈尔市
47%
吉A 长春市
47%
苏B 无锡市
47%
苏EU 苏州市
47%
蒙A 呼和浩特市
47%
宁A 银川市
47%
青A 西宁市
47%
沪A~N R 上海市
47%
贵C 遵义市
46%
辽B 大连市
46%
晋A 太原市
46%
川AG 成都市
46%
皖M 滁州市
45%
粤G 湛江市
45%
贵B 六盘水市
45%
陕AU 西安市
45%
津A~R 天津市
45%
渝A~H 重庆市
45%
甘D 白银市
44%
粤K 茂名市
44%
粤W 云浮市
44%
琼EF 儋州市
44%
吉B 吉林市
44%
皖N 六安市
43%
甘E 天水市
43%
甘F 酒泉市
43%
粤J 江门市
43%
粤L 惠州市
43%
粤M 梅州市
43%
粤T 中山市
43%
粤V 揭阳市
43%
冀C 秦皇岛市
43%
苏C 徐州市
43%
蒙B 包头市
43%
藏A 拉萨市
43%
新A 乌鲁木齐市
43%
皖L 宿州市
42%
皖P 宣城市
42%
皖S 亳州市
42%
甘P 甘南藏族自治州
42%
粤H 肇庆市
42%
粤P 河源市
42%
粤Q 阳江市
42%
粤R 清远市
42%
赣B 赣州市
42%
鲁C 淄博市
42%
云AB 昆明市
42%
浙A 杭州市
42%
皖R 池州市
41%
甘G 张掖市
41%
甘H 武威市
41%
粤N 汕尾市
41%
贵D 铜仁市
41%
冀D 邯郸市
41%
苏D 常州市
41%
苏F 南通市
41%
粤U 潮州市
40%
桂D 梧州市
40%
桂E 北海市
40%
贵E 黔西南布依族苗族自治州
40%
冀F 保定市
40%
宁B 石嘴山市
40%
浙B 宁波市
40%
甘N 临夏回族自治州
39%
贵H 黔东南苗族侗族自治州
39%
贵J 黔南布依族苗族自治州
39%
冀T 衡水市
39%
湘B 株洲市
39%
青B 海东市
39%
鲁FY 烟台市
39%
甘K 陇南市
38%
贵F 毕节市
38%
冀E 邢台市
38%
冀R 廊坊市
38%
湘C 湘潭市
38%
鲁D 枣庄市
38%
晋B 大同市
38%
甘J 定西市
37%
甘L 平凉市
37%
甘M 庆阳市
37%
贵G 安顺市
37%
冀G 张家口市
37%
黑C 牡丹江市
37%
苏G 连云港市
37%
苏N 宿迁市
37%
宁D 固原市
37%
宁E 中卫市
37%
川B 绵阳市
37%
冀H 承德市
36%
冀JS 沧州市
36%
苏J 盐城市
36%
苏K 扬州市
36%
苏L 镇江市
36%
辽C 鞍山市
36%
宁C 吴忠市
36%
青C 海北藏族自治州
36%
鲁E 东营市
36%
鲁GV 潍坊市
36%
藏B 昌都市
36%
浙C 温州市
36%
豫D 平顶山市
35%
鄂B 黄石市
35%
苏H 淮安市
35%
浙D 绍兴市
35%
黑E 大庆市
34%
苏M 泰州市
34%
浙E 湖州市
34%
浙L 舟山市
34%
豫U 济源市
33%
湘D 衡阳市
33%
吉C 四平市
33%
蒙C 乌海市
33%
青E 海南藏族自治州
33%
青H 海西蒙古族藏族自治州
33%
陕DV 咸阳市
33%
藏C 山南市
33%
藏D 日喀则市
33%
藏G 林芝市
33%
豫E 安阳市
32%
豫G 新乡市
32%
豫S 信阳市
32%
黑D 佳木斯市
32%
黑P 大兴安岭地区
32%
青D 黄南藏族自治州
32%
青F 果洛藏族自治州
32%
青G 玉树藏族自治州
32%
鲁Q 临沂市
32%
陕B 铜川市
32%
藏E 那曲市
32%
藏F 阿里地区
32%
浙F 嘉兴市
32%
浙G 金华市
32%
豫R 南阳市
31%
鄂C 十堰市
31%
鲁H 济宁市
31%
鲁K 威海市
31%
鲁L 日照市
31%
鲁R 菏泽市
31%
陕C 宝鸡市
31%
浙H 衢州市
31%
浙J 台州市
31%
浙K 丽水市
31%
黑N 黑河市
30%
鄂E 宜昌市
30%
赣C 宜春市
30%
辽D 抚顺市
30%
蒙D 赤峰市
30%
鲁J 泰安市
30%
鲁N 德州市
30%
桂P 防城港市
29%
豫F 鹤壁市
29%
豫J 濮阳市
29%
豫K 许昌市
29%
豫P 周口市
29%
豫Q 驻马店市
29%
湘U 湘西土家族苗族自治州
29%
蒙E 呼伦贝尔市
29%
鲁M 滨州市
29%
晋C 阳泉市
29%
桂R 贵港市
28%
豫N 商丘市
28%
黑F 伊春市
28%
黑G 鸡西市
28%
黑J 双鸭山市
28%
鄂D 荆州市
28%
湘E 邵阳市
28%
湘F 岳阳市
28%
吉D 辽源市
28%
吉E 通化市
28%
吉H 延边朝鲜族自治州
28%
赣D 吉安市
28%
赣E 上饶市
28%
赣G 九江市
28%
鲁P 聊城市
28%
晋D 长治市
28%
陕E 渭南市
28%
陕F 汉中市
28%
陕K 榆林市
28%
云C 昭通市
28%
桂N 钦州市
27%
豫H 焦作市
27%
豫L 漯河市
27%
豫M 三门峡市
27%
黑H 鹤岗市
27%
黑K 七台河市
27%
黑M 绥化市
27%
鄂F 襄阳市
27%
鄂K 孝感市
27%
鄂P 神农架林区
27%
吉F 白山市
27%
蒙G 通辽市
27%
蒙M 阿拉善盟
27%
陕G 安康市
27%
陕J 延安市
27%
新B 昌吉回族自治州
27%
桂K 玉林市
26%
桂L 百色市
26%
鄂G 鄂州市
26%
鄂J 黄冈市
26%
鄂Q 恩施土家族苗族自治州
26%
鄂S 随州市
26%
吉G 白城市
26%
吉J 松原市
26%
辽E 本溪市
26%
辽P 葫芦岛市
26%
蒙K 鄂尔多斯市
26%
晋E 晋城市
26%
晋M 运城市
26%
陕H 商洛市
26%
川C 自贡市
26%
桂M 河池市
25%
鄂L 咸宁市
25%
鄂N 潜江市
25%
鄂R 天门市
25%
赣H 景德镇市
25%
赣J 萍乡市
25%
辽F 丹东市
25%
蒙F 兴安盟
25%
晋F 朔州市
25%
晋H 忻州市
25%
晋J 吕梁市
25%
晋K 晋中市
25%
晋L 临汾市
25%
川D 攀枝花市
25%
桂J 贺州市
24%
鄂H 荆门市
24%
鄂M 仙桃市
24%
湘G 张家界市
24%
湘J 常德市
24%
赣L 鹰潭市
24%
辽G 锦州市
24%
辽N 朝阳市
24%
蒙H 锡林郭勒盟
24%
湘K 娄底市
23%
赣K 新余市
23%
辽M 铁岭市
23%
蒙L 巴彦淖尔市
23%
新C 石河子市
23%
云D 曲靖市
23%
湘L 郴州市
22%
湘M 永州市
22%
湘N 怀化市
22%
赣F 抚州市
22%
辽H 营口市
22%
辽J 阜新市
22%
辽K 辽阳市
22%
辽L 盘锦市
22%
蒙J 乌兰察布市
22%
川E 泸州市
21%
川Z 眉山市
21%
湘H 益阳市
20%
川F 德阳市
20%
川U 阿坝藏族羌族自治州
20%
川V 甘孜藏族自治州
20%
川W 凉山彝族自治州
20%
云E 楚雄彝族自治州
20%
川H 广元市
18%
川L 乐山市
18%
川S 达州市
18%
川T 雅安市
18%
川X 广安市
18%
川Y 巴中市
18%
川J 遂宁市
17%
川K 内江市
17%
川M 资阳市
17%
川Q 宜宾市
17%
川R 南充市
17%
新D 奎屯市/胡杨河市
17%
云F 玉溪市
17%
云G 红河哈尼族彝族自治州
17%
云L 大理白族自治州
17%
新E 博尔塔拉蒙古自治州/双河市
16%
新F 伊犁哈萨克自治州(除奎屯)/可克达拉市
16%
新H 阿勒泰地区/北屯市
16%
新J 克拉玛依市
16%
云H 文山壮族苗族自治州
16%
云K 西双版纳傣族自治州
16%
云P 丽江市
16%
云Q 怒江傈僳族自治州
16%
云R 迪庆藏族自治州
16%
新G 塔城地区
15%
新L 哈密市/新星市
15%
新M 巴音郭楞蒙古自治州/铁门关市
15%
新Q 喀什地区/图木舒克市
15%
云J 普洱市
15%
云N 德宏傣族景颇族自治州
15%
云S 临沧市
15%
桂F 崇左市
14%
桂G 来宾市
14%
新K 吐鲁番市
14%
新R 和田地区
14%
云M 保山市
14%
新N 阿克苏地区/阿拉尔市
13%
新P 克孜勒苏柯尔克孜自治州
12%
新S 昆玉市
12%
No matching quizzes found
Score Distribution
Percent of People with Each Score
Percentile by Number Answered
Your Score History
You have not taken this quiz since the last reset